Balkan Songs by Picture Part 3 - Statistics

General Stats
  • This quiz has been taken 19 times
  • The average score is 6 of 20
Answer Stats
Picture Hint Answer % Correct
Nucci Ceo svet
77%
Coby Rambo
62%
Crni Cerak Sloboda
62%
Relja Zovite doktore
62%
Voyage Koraci u noci
54%
Jala Brat Munja
54%
Rasta Tajland
46%
Desingerica Ficcni
38%
Grse SIP
38%
Petrov Busy
23%
Ema Zena fudbalera
23%
Buba Corelli 007
15%
Amna Naslovna
15%
Devito 25 milja
8%
Cunami Capcarap
8%
Natasa Bekvalac Mala plava
8%
Corona 101 suza
0%
Nikolija MDMA
0%
Henny Nebo i zemlja
0%
Sajfer Preko
0%
No matching quizzes found
Score Distribution
Percent of People with Each Score
Percentile by Number Answered
Your Score History
You have not taken this quiz